Introduction to english law

Bibliographic Details
Main Author: James, Philip S.
Format: Book
Published: London : Butterworths , 1962
Edition:Fifth edition
Subjects:

MARC

LEADER 00000cam a2200000 7i4500
001 0000007836
005 20220616.0
040 |a INS 
090 0 0 |a RKD661   |b .J34 1962 
100 1 |a James, Philip S. 
245 1 0 |a Introduction to english law   |c Philip S. James 
250 |a Fifth edition 
260 |a London :   |b Butterworths ,   |c 1962 
300 |a 465p. ;   |c 22cm. 
500 |a Includes index 
650 0 |a Law   |z Great Britain 
999 |a 0000024041   |b BOOK   |c Red Spot   |e Default branch